Регионална библиотека "Любен Каравелов" - Русе

Икономика на туризма (Запис номер 88064)

MARC детайли
000 -Лидер
Контролно поле с фиксирана дължина 01652nam a2200361 c 4500
003 - Код на организацията, давaща контролен номер
Контролно поле BLK
005 - Дата и час на последна редакция
Контролно поле 20230406131341.0
008 - Елементи от данни с фиксирана дължина
fixed length control field 180408b bul|||||r ||||||| ||bul||
010 ## - Наследен системен номер
LC control number KNG00092720000
020 ## - Международен стандартен номер на книга ISBN
Международен стандартен номер на книга ISBN 978-954-07-2973-2
-- издат.: Унив. изд. Св. Климент Охридски
040 ## - Източник на каталожния запис
Идентификатор на билиотеката - собственик на записа BLK
041 ## - Код за език
Код за езика на текст/звукозапис или на отделно заглавие Български
Код за езика КДБФ Български
080 ## - УДК
Текстов определител УДК Туризмът от стопанско гледище. Политика по отношение на туризма. Икономика и организация на туризма. Вътрешен и международен туризъм. Вж и 379.8
УДК код - определител по УДК 338.48
УДК определител (075.8)
УДК - код + определител 338.48(075.8)
100 1# - Редна дума - Автор
Автор Славейков, Петър Лозанов
Дати, свързани с автора 1956-2019
Автор - информация (биография) Географ, историк, юрист
R(LIN) 372144
139 ## - Редно поле
Редна дума Славейков, Петър Лозанов и др.
Авторски знак Славе - С 42
245 10 - Сведения за заглавието
Заглавие Икономика на туризма
Редно поле (дума) Петър Лозанов Славейков; съавт. Климент Минев Найденов.
257 ## - Страна на издаване
Страна на създаване/издаване България
260 ## - Област на издателските данни
-- София
Име на издателя, разпространителя и проч. Унив. изд. Св. Климент Охридски
Година на издаване 2009
300 ## - Физическа характеристика
Страници 223 с.
Илюстрации и др. с табл., сх.
Размери/Мащаб 24 см
380 ## - Жанр
Жанр Обществени науки
500 ## - Общи забележки
Забележка Библиогр. с. 221.
504 ## - Забележка за наличие на библиография и др
Забележка за наличие на библиография и под. 221
650 #4 - Допълнително описание по предмет – тема
Основно описание – тема или топоним Туризъм - икономика и организация
9 (RLIN) 263794
653 ## - Ключова дума – ненормативна
Ключова дума туризъм
653 ## - Ключова дума – ненормативна
Ключова дума икономика
653 ## - Ключова дума – ненормативна
Ключова дума учебници за ВУЗ
700 1# - Други автори (авторска отговорност)
Лично име Найденов, Климент Минев
Автороска отговорност (Описва отношението между автора и произведението) съавт.
9 (RLIN) 302994
852 ## - Местоположение
Форматна сигнатура Цб 246045
856 4# - Електронен адрес и достъп
Електронен формат pdf - файл
Път до файла /url/
856 4# - Електронен адрес и достъп
Електронен формат pdf - файл
Път до файла /url/
942 ## - АРТИКУЛИ
Вид на библиотечния материал Книги
Скрит в OPAC Не
Koha issues (borrowed), all copies 2
944 ## - СЪЗДАВАНЕ И РЕДАКЦИЯ на ЗАПИСА
Създаване/Редакция Създаване
Дата на регистрацията/редакция 20.11.2009
Статус, дата на статуса ф /
Служител, извършил регистрацията/редакцията Геновева_Генчева
944 ## - СЪЗДАВАНЕ И РЕДАКЦИЯ на ЗАПИСА
Създаване/Редакция Редакция
Дата на регистрацията/редакция 04.12.2012
Статус, дата на статуса ф /
Служител, извършил регистрацията/редакцията
999 ## - СИСТЕМНИ КОНТРОЛНИ НОМЕРА
Koha biblionumber 88064
Koha biblioitemnumber 88064
Наличности
Код за отписване Код за изгубен артикул Код за повреда Коз за рестрикции Код за отдаване Артикулен № Име на библиотеката - собственик Име на библиотеката, в която се намира в момента Статус (Текущо местоположение) Дата на вписване в системата Местоположение - отдел Цена в лева Инвентарен номер Систематично азбучна сигнатура Баркод Номер на екземпляра Цена в евро Служебна бележка Служебен тип на артикула Източник на класификационната схема
  Не е изгубен Не е повреден без рестрикции заемане за дома 142590 Регионална библиотека "Любен Каравелов" Русе Регионална библиотека "Любен Каравелов" Русе Заемна - подръчен фонд 2009-11-20 Заемна - подръчен фонд 15.00 120000739871 П 338.4/С 42 120000739871 1 7.67 Дост: Pk Вид: Ф N: 22432 Дата: 17.11.2009 Дата инв: 05.02.2018 Бележки инв: П2018 Книги  
  Не е изгубен Не е повреден без рестрикции ползва се в читалня 142591 Регионална библиотека "Любен Каравелов" Русе Регионална библиотека "Любен Каравелов" Русе Хранилище 2011-02-07 Хранилище 15.00 120000749002 Цб 246045 120000749002 2 7.67 Дост: Dp Вид: Д N: 20 Дата: 19.05.2010 Книги  
  Не е изгубен Не е повреден без рестрикции заемане за дома 142592 Регионална библиотека "Любен Каравелов" Русе Регионална библиотека "Любен Каравелов" Русе Заемна - подръчен фонд 2011-12-16 Заемна - подръчен фонд 15.00 120000755719 П 338.4/С 42 120000755719 3 7.67 Дост: Pk Вид: Ф N: 251 Дата: 15.12.2011 Дата инв: 05.02.2018 Бележки инв: П2018 Книги  
  Не е изгубен Не е повреден без рестрикции ползва се в читалня 142593 Регионална библиотека "Любен Каравелов" Русе Регионална библиотека "Любен Каравелов" Русе Читалня 2011-12-16 Читалня 15.00 120000755720 Ч 338.4/С 42 120000755720 4 7.67 Дост: Pk Вид: Ф N: 251 Дата: 15.12.2011 Дата инв: 23.03.2017 Бележки инв: Ч2017 Книги  
  Не е изгубен Не е повреден без рестрикции заемане за дома 142594 Регионална библиотека "Любен Каравелов" Русе Регионална библиотека "Любен Каравелов" Русе Заемна - подръчен фонд 2012-11-25 Заемна - подръчен фонд 15.00 120000761412 П 338.4/С 42 120000761412 5 7.67 Дост: Pk Вид: Ф N: 321 Дата: 19.11.2012 Дата инв: 05.02.2018 Бележки инв: П2018 Книги  
Изтеглен Не е изгубен Не е повреден без рестрикции заемане за дома 142595 Регионална библиотека "Любен Каравелов" Русе Регионална библиотека "Любен Каравелов" Русе Заемна - подръчен фонд 2012-11-25 Заемна - подръчен фонд 15.00 120000761413 П 338.4/С 42 120000761413 6 7.67 Дост: Pk Вид: Ф N: 321 Дата: 19.11.2012 Дата инв: 24.01.2015 Бележки инв: П2015 Книги Universal Decimal Classification
  Не е изгубен Не е повреден без рестрикции заемане за дома 142596 Регионална библиотека "Любен Каравелов" Русе Регионална библиотека "Любен Каравелов" Русе Заемна - подръчен фонд 2012-11-25 Заемна - подръчен фонд 15.00 120000761414 П 338.4/С 42 120000761414 7 7.67 Дост: Pk Вид: Ф N: 321 Дата: 19.11.2012 Дата инв: 05.02.2018 Бележки инв: П2018 Книги  
  Не е изгубен Не е повреден без рестрикции заемане за дома 687995 Регионална библиотека "Любен Каравелов" Русе Регионална библиотека "Любен Каравелов" Русе Дубликат 2019-01-02 Заемна - подръчен фонд 18.00   П 338.4/С 42 120000828602   9.20   Книги Universal Decimal Classification
Vip Innovations Ltd, Rousse, Bulgaria 2025